[Event "XLIV Memoriał Szachowy Ludwika Zamenhofa 2025, Grupa A"]
[Site "Białystok, Poland"]
[Date "2025.12.30"]
[Round "8.3"]
[White "Krawczyk, Flawian"]
[Black "Mayorau, Mikita"]
[Result "1/2-1/2"]
[TimeControl "90'+30\""]
[WhiteElo "2292"]
[BlackElo "2472"]

1. e4 {[%clk 01:30:58]} e6 {[%clk 01:10:44]} {[%emt 00:20:18]} 2. d4 {[%clk
01:31:24]} {[%emt 00:00:04]} d5 {[%clk 01:11:04]} {[%emt 00:00:10]} 3. Nc3
{[%clk 01:31:50]} {[%emt 00:00:04]} Nf6 {[%clk 01:11:30]} {[%emt 00:00:04]} 4.
e5 {[%clk 01:32:18]} {[%emt 00:00:02]} Nfd7 {[%clk 01:11:57]} {[%emt 00:00:03]}
5. Nce2 {[%clk 01:32:46]} {[%emt 00:00:02]} c5 {[%clk 01:12:19]} {[%emt
00:00:08]} 6. c3 {[%clk 01:33:12]} {[%emt 00:00:03]} Nc6 {[%clk 01:12:37]}
{[%emt 00:00:13]} 7. Nf3 {[%clk 01:33:36]} {[%emt 00:00:05]} a5 {[%clk
01:03:59]} {[%emt 00:09:09]} 8. a4 {[%clk 01:33:41]} {[%emt 00:00:25]} Be7
{[%clk 01:02:52]} {[%emt 00:01:36]} 9. g3 {[%clk 01:33:40]} {[%emt 00:00:31]}
O-O {[%clk 01:01:26]} {[%emt 00:01:56]} 10. Bg2 {[%clk 01:28:42]} {[%emt
00:05:28]} b6 {[%clk 01:01:38]} {[%emt 00:00:18]} 11. h4 {[%clk 01:26:02]}
{[%emt 00:03:10]} Ba6 {[%clk 01:01:26]} {[%emt 00:00:42]} 12. O-O {[%clk
01:25:18]} {[%emt 00:01:14]} cxd4 {[%clk 00:59:58]} {[%emt 00:01:59]} 13. cxd4
{[%clk 01:25:35]} {[%emt 00:00:12]} Nb4 {[%clk 01:00:18]} {[%emt 00:00:10]} 14.
Bd2 {[%clk 01:20:46]} {[%emt 00:05:20]} Rc8 {[%clk 00:57:46]} {[%emt 00:03:03]}
15. Bc3 {[%clk 01:20:32]} {[%emt 00:00:42]} Qc7 {[%clk 00:54:40]} {[%emt
00:03:36]} 16. Qd2 {[%clk 01:12:22]} {[%emt 00:08:41]} Bc4 {[%clk 00:47:04]}
{[%emt 00:08:05]} 17. Rfe1 {[%clk 01:06:43]} {[%emt 00:06:08]} Qc6 {[%clk
00:44:02]} {[%emt 00:03:33]} 18. Nc1 {[%clk 01:06:30]} {[%emt 00:00:43]} Rc7
{[%clk 00:41:44]} {[%emt 00:02:49]} 19. h5 {[%clk 01:01:31]} {[%emt 00:05:29]}
h6 {[%clk 00:36:52]} {[%emt 00:05:21]} 20. Nh2 {[%clk 01:01:23]} {[%emt
00:00:38]} f6 {[%clk 00:32:42]} {[%emt 00:04:40]} 21. Ng4 {[%clk 00:57:58]}
{[%emt 00:03:53]} fxe5 {[%clk 00:31:47]} {[%emt 00:01:28]} 22. Nxe5 {[%clk
00:55:45]} {[%emt 00:02:42]} Nxe5 {[%clk 00:32:11]} {[%emt 00:00:06]} 23. Rxe5
{[%clk 00:56:11]} {[%emt 00:00:04]} Rf5 {[%clk 00:26:20]} {[%emt 00:06:21]} 24.
Rxf5 {[%clk 00:54:35]} {[%emt 00:02:06]} exf5 {[%clk 00:26:46]} {[%emt
00:00:04]} 25. Ne2 {[%clk 00:54:37]} {[%emt 00:00:29]} Bg5 {[%clk 00:23:51]}
{[%emt 00:03:24]} 26. Nf4 {[%clk 00:50:09]} {[%emt 00:04:58]} Qd6 {[%clk
00:21:30]} {[%emt 00:02:52]} 27. Bxb4 {[%emt 00:07:14]} axb4 {[%emt 00:00:01]}
28. Re1 {[%emt 00:00:01]} Bxf4 {[%emt 00:00:06]} 29. Qxf4 {[%emt 00:00:09]}
Qxf4 30. gxf4 Bb3 {[%emt 00:00:08]} 1/2-1/2

[Event "XLIV Memoriał Szachowy Ludwika Zamenhofa 2025, Grupa A"]
[Site "Białystok, Poland"]
[Date "2025.12.30"]
[Round "8.4"]
[White "Nasuta, Grzegorz"]
[Black "Rekuc, Patryk"]
[Result "1-0"]
[TimeControl "90'+30\""]
[WhiteElo "2498"]
[BlackElo "2288"]

1. e4 {[%clk 01:29:42]} {[%emt 00:01:17]} e6 {[%clk 01:26:16]} {[%emt
00:04:39]} 2. d4 {[%clk 01:29:24]} {[%emt 00:00:54]} d5 {[%clk 01:26:39]}
{[%emt 00:00:06]} 3. e5 {[%clk 01:29:36]} {[%emt 00:00:19]} c5 {[%clk
01:27:02]} {[%emt 00:00:06]} 4. c3 {[%clk 01:30:03]} {[%emt 00:00:03]} Nc6
{[%clk 01:27:27]} {[%emt 00:00:05]} 5. Nf3 {[%clk 01:30:29]} {[%emt 00:00:05]}
Bd7 {[%clk 01:27:52]} {[%emt 00:00:04]} 6. Be2 {[%clk 01:30:45]} {[%emt
00:00:14]} Nge7 {[%clk 01:28:14]} {[%emt 00:00:08]} 7. O-O {[%clk 01:30:48]}
{[%emt 00:00:27]} cxd4 {[%clk 01:28:38]} {[%emt 00:00:06]} 8. cxd4 {[%clk
01:31:14]} {[%emt 00:00:04]} Nf5 {[%clk 01:28:57]} {[%emt 00:00:11]} 9. Nc3
{[%clk 01:31:18]} {[%emt 00:00:26]} a6 {[%clk 01:29:16]} {[%emt 00:00:10]} 10.
Kh1 {[%clk 01:27:34]} {[%emt 00:04:14]} Qb6 {[%clk 01:29:07]} {[%emt 00:00:39]}
11. Na4 {[%clk 01:20:29]} {[%emt 00:07:35]} Qa7 {[%clk 01:24:22]} {[%emt
00:05:16]} 12. Be3 {[%clk 01:19:57]} {[%emt 00:01:01]} b5 {[%clk 01:20:54]}
{[%emt 00:03:58]} 13. Nc3 {[%clk 01:20:23]} {[%emt 00:00:05]} Na5 {[%clk
01:20:43]} {[%emt 00:00:40]} 14. Bd3 {[%clk 01:19:54]} {[%emt 00:00:59]} Nxe3
{[%clk 01:17:22]} {[%emt 00:03:51]} 15. fxe3 {[%clk 01:20:18]} {[%emt
00:00:06]} Be7 {[%clk 01:17:49]} {[%emt 00:00:03]} 16. Qe1 {[%clk 01:08:40]}
{[%emt 00:12:09]} b4 {[%clk 01:13:47]} {[%emt 00:04:32]} 17. Ne2 {[%clk
01:09:00]} {[%emt 00:00:09]} Qb6 {[%clk 00:58:33]} {[%emt 00:15:44]} 18. Qg3
{[%clk 00:57:27]} {[%emt 00:12:04]} O-O {[%clk 00:57:21]} {[%emt 00:01:41]} 19.
Ng5 {[%clk 00:52:13]} {[%emt 00:05:44]} Bxg5 {[%clk 00:51:15]} {[%emt
00:06:37]} 20. Qxg5 {[%clk 00:52:41]} {[%emt 00:00:02]} Bb5 {[%clk 00:51:38]}
{[%emt 00:00:07]} 21. Bxb5 {[%clk 00:40:58]} {[%emt 00:12:12]} Qxb5 {[%clk
00:48:29]} {[%emt 00:03:39]} 22. Ng3 {[%clk 00:34:22]} {[%emt 00:07:07]} h6
{[%clk 00:40:52]} {[%emt 00:08:07]} 23. Qg4 {[%clk 00:34:44]} {[%emt 00:00:08]}
Qd3 {[%clk 00:41:02]} {[%emt 00:00:20]} 24. Nh5 {[%clk 00:34:00]} {[%emt
00:01:15]} Qg6 {[%clk 00:41:24]} {[%emt 00:00:08]} 25. Qxg6 {[%clk 00:34:22]}
{[%emt 00:00:08]} fxg6 {[%clk 00:41:52]} {[%emt 00:00:01]} 26. Nf4 {[%clk
00:34:44]} {[%emt 00:00:07]} Rfe8 {[%clk 00:42:09]} {[%emt 00:00:12]} 27. b3
{[%clk 00:32:47]} {[%emt 00:02:27]} g5 {[%clk 00:31:06]} {[%emt 00:11:34]} 28.
Nd3 {[%clk 00:33:16]} {[%emt 00:00:02]} Nc6 {[%clk 00:31:02]} {[%emt 00:00:33]}
29. Rac1 {[%clk 00:30:08]} {[%emt 00:03:38]} Ne7 {[%clk 00:28:29]} {[%emt
00:03:04]} 30. Nxb4 {[%clk 00:29:00]} {[%emt 00:01:38]} h5 {[%clk 00:27:46]}
{[%emt 00:01:11]} 31. Kg1 {[%clk 00:27:49]} {[%emt 00:01:42]} a5 {[%clk
00:28:05]} {[%emt 00:00:12]} 32. Nd3 {[%clk 00:28:11]} {[%emt 00:00:07]} Nf5
{[%clk 00:28:28]} {[%emt 00:00:06]} 33. Kf2 {[%clk 00:26:04]} {[%emt 00:02:38]}
g4 {[%clk 00:25:19]} {[%emt 00:03:39]} 34. Nf4 {[%clk 00:19:28]} {[%emt
00:07:06]} h4 {[%clk 00:25:36]} {[%emt 00:00:13]} 35. Ke2 {[%clk 00:18:10]}
{[%emt 00:01:48]} Rab8 {[%clk 00:20:45]} {[%emt 00:05:22]} 36. Rc6 {[%clk
00:12:09]} {[%emt 00:06:31]} a4 {[%clk 00:19:11]} {[%emt 00:02:04]} 37. Nxe6
{[%clk 00:12:14]} {[%emt 00:00:25]} axb3 {[%clk 00:19:30]} {[%emt 00:00:10]} 38.
axb3 {[%clk 00:12:37]} {[%emt 00:00:07]} Ne7 {[%clk 00:16:30]} {[%emt
00:03:29]} 39. Rc3 {[%clk 00:13:06]} {[%emt 00:00:02]} Ra8 {[%clk 00:16:54]}
{[%emt 00:00:06]} 40. Rc2 {[%clk 00:13:13]} {[%emt 00:00:24]} 1-0

[Event "XLIV Memoriał Szachowy Ludwika Zamenhofa 2025, Grupa A"]
[Site "Białystok, Poland"]
[Date "2025.12.30"]
[Round "8.5"]
[White "Baum, Jonasz"]
[Black "Obrycki, Tomasz"]
[Result "1/2-1/2"]
[TimeControl "90'+30\""]
[WhiteElo "2446"]
[BlackElo "2068"]

1. d4 {[%clk 01:30:59]} {[%emt 00:00:02]} Nf6 {[%clk 01:30:46]} {[%emt
00:00:14]} 2. c4 {[%clk 01:31:25]} {[%emt 00:00:04]} e6 {[%clk 01:31:04]}
{[%emt 00:00:12]} 3. Nc3 {[%clk 01:31:52]} {[%emt 00:00:03]} Bb4 {[%clk
01:31:16]} {[%emt 00:00:18]} 4. Qc2 {[%clk 01:32:19]} {[%emt 00:00:03]} d5
{[%clk 01:28:33]} {[%emt 00:03:13]} 5. a3 {[%clk 01:32:33]} {[%emt 00:00:16]}
Be7 {[%clk 01:26:46]} {[%emt 00:02:17]} 6. Nf3 {[%clk 01:31:29]} {[%emt
00:01:34]} O-O {[%clk 01:26:39]} {[%emt 00:00:36]} 7. Bf4 {[%clk 01:31:29]}
{[%emt 00:00:31]} c6 {[%clk 01:23:52]} {[%emt 00:03:17]} 8. e4 {[%clk
01:23:34]} {[%emt 00:08:25]} dxe4 {[%clk 01:22:46]} {[%emt 00:01:36]} 9. Nxe4
{[%clk 01:23:59]} {[%emt 00:00:04]} Nxe4 {[%clk 01:22:17]} {[%emt 00:01:00]} 10.
Qxe4 {[%clk 01:24:26]} {[%emt 00:00:03]} Nd7 {[%clk 01:21:37]} {[%emt
00:01:10]} 11. Bd3 {[%clk 01:15:54]} {[%emt 00:09:02]} Nf6 {[%clk 01:21:15]}
{[%emt 00:00:52]} 12. Qe2 {[%clk 01:11:27]} {[%emt 00:04:57]} Qa5+ {[%clk
01:16:38]} {[%emt 00:05:06]} 13. Bd2 {[%clk 01:01:24]} {[%emt 00:10:34]} Qc7
{[%clk 01:15:29]} {[%emt 00:01:38]} 14. c5 {[%clk 01:01:26]} {[%emt 00:00:29]}
a5 {[%clk 01:04:26]} {[%emt 00:11:33]} 15. Rc1 {[%clk 00:53:04]} {[%emt
00:08:52]} a4 {[%clk 00:53:28]} {[%emt 00:11:28]} 16. Ne5 {[%clk 00:51:00]}
{[%emt 00:02:34]} Nd7 {[%clk 00:51:16]} {[%emt 00:02:41]} 17. h4 {[%clk
00:41:53]} {[%emt 00:09:37]} Nxe5 {[%clk 00:31:22]} {[%emt 00:20:24]} 18. dxe5
{[%clk 00:42:09]} {[%emt 00:00:14]} Rd8 {[%clk 00:31:10]} {[%emt 00:00:42]} 19.
f4 {[%clk 00:30:36]} {[%emt 00:12:03]} Qd7 {[%clk 00:25:21]} {[%emt 00:06:18]}
20. Rc3 {[%clk 00:30:29]} {[%emt 00:00:38]} Bxc5 {[%clk 00:23:21]} {[%emt
00:02:30]} 21. Qe4 {[%clk 00:26:16]} {[%emt 00:04:44]} g6 {[%clk 00:22:35]}
{[%emt 00:01:16]} 22. Rxc5 {[%clk 00:25:38]} {[%emt 00:01:08]} Qxd3 {[%clk
00:23:01]} {[%emt 00:00:05]} 23. Qxd3 {[%clk 00:26:06]} {[%emt 00:00:03]} Rxd3
{[%clk 00:23:29]} {[%emt 00:00:01]} 24. h5 {[%clk 00:25:47]} {[%emt 00:00:49]}
Bd7 {[%clk 00:19:12]} {[%emt 00:04:46]} 25. Rc3 {[%clk 00:21:47]} {[%emt
00:04:30]} Rxc3 {[%clk 00:18:39]} {[%emt 00:01:04]} 26. Bxc3 {[%clk 00:22:07]}
{[%emt 00:00:10]} c5 {[%clk 00:17:39]} {[%emt 00:01:30]} 27. Kf2 {[%clk
00:21:41]} {[%emt 00:00:55]} Bc6 {[%clk 00:17:30]} {[%emt 00:00:39]} 28. h6
{[%clk 00:20:50]} {[%emt 00:01:22]} Kf8 {[%emt 00:03:49]} 29. Rd1 {[%clk
00:20:47]} Bd5 {[%clk 00:14:36]} {[%emt 00:00:38]} 30. g4 {[%clk 00:20:46]}
{[%emt 00:00:31]} Ke8 {[%clk 00:14:07]} {[%emt 00:00:57]} 31. Kg3 {[%clk
00:20:09]} {[%emt 00:01:08]} b6 {[%clk 00:11:21]} {[%emt 00:03:15]} 32. Kh4
{[%clk 00:20:19]} {[%emt 00:00:21]} Ke7 {[%clk 00:10:18]} {[%emt 00:01:33]} 33.
Kg5 {[%clk 00:20:41]} {[%emt 00:00:09]} Ra7 {[%clk 00:08:17]} {[%emt 00:02:31]}
1/2-1/2

[Event "XLIV Memoriał Szachowy Ludwika Zamenhofa 2025, Grupa A"]
[Site "Białystok, Poland"]
[Date "2025.12.30"]
[Round "8.6"]
[White "Jakubowski, Krzysztof"]
[Black "Niedbala, Bartlomiej"]
[Result "1-0"]
[TimeControl "90'+30\""]
[WhiteElo "2437"]
[BlackElo "2380"]

1. e4 {[%clk 01:30:59]} {[%emt 00:00:01]} c5 {[%clk 01:24:12]} {[%emt
00:06:48]} 2. Nf3 {[%clk 01:31:17]} {[%emt 00:00:12]} d6 {[%clk 01:24:35]}
{[%emt 00:00:06]} 3. d4 {[%clk 01:31:41]} {[%emt 00:00:07]} cxd4 {[%clk
01:25:02]} {[%emt 00:00:03]} 4. Nxd4 {[%clk 01:32:03]} {[%emt 00:00:08]} Nf6
{[%clk 01:25:21]} {[%emt 00:00:05]} 5. Nc3 {[%clk 01:32:26]} {[%emt 00:00:12]}
a6 {[%clk 01:25:49]} {[%emt 00:00:03]} 6. Bg5 {[%clk 01:32:41]} {[%emt
00:00:15]} e6 {[%clk 01:22:10]} {[%emt 00:04:08]} 7. Qf3 {[%clk 01:32:53]}
{[%emt 00:00:18]} h6 {[%clk 01:18:22]} {[%emt 00:04:18]} 8. Bd2 {[%clk
01:33:06]} {[%emt 00:00:17]} Nbd7 {[%clk 01:16:22]} {[%emt 00:02:30]} 9. a4
{[%clk 01:33:19]} {[%emt 00:00:18]} Qc7 {[%clk 01:11:59]} {[%emt 00:04:53]} 10.
Bd3 {[%clk 01:31:10]} {[%emt 00:02:40]} Ne5 {[%clk 00:48:04]} {[%emt 00:24:24]}
11. Qg3 {[%clk 01:30:48]} {[%emt 00:00:51]} Nxd3+ {[%clk 00:41:49]} {[%emt
00:06:45]} 12. cxd3 {[%clk 01:30:48]} {[%emt 00:00:30]} Qb6 {[%clk 00:36:42]}
{[%emt 00:05:38]} 13. Nde2 {[%clk 01:22:52]} {[%emt 00:08:26]} e5 {[%clk
00:16:51]} {[%emt 00:20:21]} 14. a5 {[%clk 01:04:59]} {[%emt 00:18:23]} Qxb2
{[%clk 00:12:47]} {[%emt 00:04:34]} 15. Ra2 {[%clk 01:02:59]} {[%emt 00:02:31]}
Qb3 {[%clk 00:12:45]} {[%emt 00:00:32]} 16. O-O {[%clk 01:03:06]} {[%emt
00:00:22]} Qe6 {[%clk 00:12:24]} {[%emt 00:00:51]} 17. f4 {[%clk 00:59:42]}
{[%emt 00:03:54]} Bd7 {[%clk 00:10:44]} {[%emt 00:02:10]} 18. Rb2 {[%clk
00:47:16]} {[%emt 00:12:57]} Bc6 {[%clk 00:10:07]} {[%emt 00:01:06]} 19. Kh1
{[%clk 00:40:58]} {[%emt 00:06:48]} Rd8 {[%clk 00:06:54]} {[%emt 00:03:45]} 20.
d4 {[%clk 00:38:04]} {[%emt 00:03:23]} Nxe4 {[%clk 00:05:44]} {[%emt 00:01:40]}
21. Nxe4 {[%clk 00:38:28]} {[%emt 00:00:06]} Bxe4 {[%clk 00:06:12]} {[%emt
00:00:02]} 22. Nc3 {[%clk 00:36:17]} {[%emt 00:02:41]} Qg6 {[%clk 00:02:30]}
{[%emt 00:04:12]} 23. Nxe4 {[%clk 00:35:30]} {[%emt 00:01:17]} Qxe4 {[%clk
00:02:59]} {[%emt 00:00:01]} 24. fxe5 {[%clk 00:35:08]} {[%emt 00:00:53]} Qd5
{[%clk 00:00:33]} {[%emt 00:02:56]} 25. e6 {[%clk 00:34:03]} {[%emt 00:01:33]}
fxe6 {[%clk 00:00:36]} {[%emt 00:00:27]} 26. Qg6+ {[%clk 00:30:09]} {[%emt
00:04:25]} Kd7 {[%clk 00:01:01]} {[%emt 00:00:06]} 27. Rf7+ {[%clk 00:30:34]}
{[%emt 00:00:04]} Kc8 {[%clk 00:01:16]} {[%emt 00:00:14]} 28. Qb1 {[%clk
00:27:26]} {[%emt 00:03:39]} Rd7 {[%clk 00:00:52]} {[%emt 00:00:54]} 29. Rxd7
{[%clk 00:27:51]} {[%emt 00:00:05]} Kxd7 {[%clk 00:01:21]} {[%emt 00:00:02]} 30.
Rxb7+ {[%clk 00:28:14]} {[%emt 00:00:06]} Kc8 {[%clk 00:00:35]} {[%emt
00:01:15]} 31. Rb8+ {[%clk 00:28:36]} {[%emt 00:00:08]} Kd7 {[%clk 00:00:57]}
{[%emt 00:00:09]} 32. Qg6 {[%clk 00:27:52]} {[%emt 00:01:14]} Kc7 {[%clk
00:00:32]} {[%emt 00:00:55]} 33. Qe8 {[%clk 00:28:05]} {[%emt 00:00:17]} 1-0

[Event "XLIV Memoriał Szachowy Ludwika Zamenhofa 2025, Grupa A"]
[Site "Białystok, Poland"]
[Date "2025.12.30"]
[Round "8.7"]
[White "Turski, Bartlomiej"]
[Black "Kozak, Antoni"]
[Result "1/2-1/2"]
[TimeControl "90'+30\""]
[WhiteElo "2411"]
[BlackElo "2426"]

1. e4 {[%clk 01:30:58]} {[%emt 00:00:02]} c5 {[%clk 01:23:46]} {[%emt
00:07:06]} 2. Nf3 {[%clk 01:31:22]} {[%emt 00:00:15]} Nc6 {[%clk 01:24:12]}
{[%emt 00:00:04]} 3. d4 {[%clk 01:30:38]} {[%emt 00:01:14]} cxd4 {[%clk
01:24:35]} {[%emt 00:00:07]} 4. Nxd4 {[%clk 01:31:04]} {[%emt 00:00:04]} e5
{[%clk 01:24:25]} {[%emt 00:00:39]} 5. Nb5 {[%clk 01:31:29]} {[%emt 00:00:06]}
d6 {[%clk 01:24:51]} {[%emt 00:00:04]} 6. c4 {[%clk 01:31:29]} {[%emt
00:00:30]} g6 {[%clk 01:25:14]} {[%emt 00:00:07]} 7. N1c3 {[%clk 01:31:38]}
{[%emt 00:00:21]} a6 {[%clk 01:25:37]} {[%emt 00:00:07]} 8. Na3 {[%clk
01:32:04]} {[%emt 00:00:04]} Be6 {[%clk 01:24:50]} {[%emt 00:01:17]} 9. Be3
{[%clk 01:31:53]} {[%emt 00:00:40]} Bg7 {[%clk 01:24:07]} {[%emt 00:01:13]} 10.
Be2 {[%clk 01:30:35]} {[%emt 00:01:48]} Rc8 {[%clk 01:24:33]} {[%emt 00:00:04]}
11. O-O {[%clk 01:30:09]} {[%emt 00:00:55]} Nd4 {[%clk 01:24:36]} {[%emt
00:00:28]} 12. Nd5 {[%clk 01:28:33]} {[%emt 00:02:06]} Ne7 {[%clk 01:20:43]}
{[%emt 00:04:23]} 13. Bxd4 {[%clk 01:23:35]} {[%emt 00:05:28]} exd4 {[%clk
01:20:25]} {[%emt 00:00:48]} 14. Nxe7 {[%clk 01:23:56]} {[%emt 00:00:09]} Qxe7
{[%clk 01:20:52]} {[%emt 00:00:03]} 15. Bd3 {[%clk 01:23:50]} {[%emt 00:00:36]}
g5 {[%clk 01:02:59]} {[%emt 00:18:23]} 16. b3 {[%clk 01:20:52]} {[%emt
00:03:29]} g4 {[%clk 00:58:57]} {[%emt 00:04:31]} 17. Nc2 {[%clk 01:20:04]}
{[%emt 00:01:18]} Rc5 {[%clk 00:52:27]} {[%emt 00:07:00]} 18. g3 {[%clk
01:18:13]} {[%emt 00:02:21]} h5 {[%clk 00:49:19]} {[%emt 00:03:38]} 19. Nb4
{[%clk 01:12:09]} {[%emt 00:06:34]} Rg5 {[%clk 00:34:22]} {[%emt 00:15:27]} 20.
Nd5 {[%clk 01:11:25]} {[%emt 00:01:15]} Bxd5 {[%clk 00:32:52]} {[%emt
00:02:00]} 21. exd5 {[%clk 01:09:42]} {[%emt 00:02:12]} h4 {[%clk 00:31:44]}
{[%emt 00:01:38]} 22. Re1 {[%clk 01:00:21]} {[%emt 00:09:50]} Be5 {[%clk
00:31:37]} {[%emt 00:00:39]} 23. Bf1 {[%clk 00:58:53]} {[%emt 00:01:57]} Qf6
{[%clk 00:26:59]} {[%emt 00:05:09]} 24. Bg2 {[%clk 00:52:35]} {[%emt 00:06:47]}
Kf8 {[%clk 00:25:56]} {[%emt 00:01:33]} 25. Qd3 {[%clk 00:47:09]} {[%emt
00:05:56]} Rgh5 {[%clk 00:22:55]} {[%emt 00:03:31]} 26. c5 {[%clk 00:45:41]}
{[%emt 00:01:58]} hxg3 {[%clk 00:21:06]} {[%emt 00:02:19]} 27. hxg3 {[%clk
00:45:46]} {[%emt 00:00:25]} Qh6 {[%clk 00:15:44]} {[%emt 00:05:52]} 28. Kf1
{[%clk 00:45:32]} {[%emt 00:00:44]} dxc5 {[%emt 00:03:08]} 29. Rac1 {[%clk
00:44:57]} Qd6 {[%clk 00:08:39]} {[%emt 00:06:03]} 30. b4 {[%clk 00:44:43]}
{[%emt 00:00:44]} cxb4 {[%clk 00:07:54]} {[%emt 00:01:15]} 31. Qe4 {[%clk
00:40:56]} {[%emt 00:04:17]} Qg6 {[%clk 00:03:57]} {[%emt 00:04:27]} 32. Qxg6
{[%clk 00:37:39]} {[%emt 00:03:46]} fxg6 {[%clk 00:04:25]} {[%emt 00:00:02]} 33.
Kg1 {[%clk 00:37:41]} {[%emt 00:00:28]} Kg7 {[%emt 00:01:33]} 34. Re4 {[%clk
00:36:49]} {[%emt 00:01:21]} Rg5 {[%clk 00:02:20]} {[%emt 00:01:33]} 35. d6
{[%clk 00:35:56]} {[%emt 00:01:24]} Rd8 {[%clk 00:01:29]} {[%emt 00:01:21]} 36.
Bf1 {[%clk 00:34:04]} {[%emt 00:02:22]} Rxd6 {[%clk 00:01:29]} {[%emt
00:00:30]} 37. Rc7+ {[%clk 00:34:23]} {[%emt 00:00:11]} Kh6 {[%clk 00:01:01]}
{[%emt 00:00:57]} 38. Bd3 {[%clk 00:34:34]} {[%emt 00:00:18]} Rc6 {[%clk
00:00:33]} {[%emt 00:00:59]} 39. Rxb7 {[%clk 00:34:34]} {[%emt 00:00:30]} a5
{[%clk 00:00:34]} {[%emt 00:00:30]} 40. Kf1 {[%clk 00:32:54]} {[%emt 00:02:10]}
Bf6 {[%clk 00:00:31]} {[%emt 00:00:33]} 41. Rf4 {[%clk 00:31:35]} {[%emt
00:01:48]} Rd6 {[%clk 00:00:32]} {[%emt 00:00:30]} 42. Kg2 {[%clk 00:31:30]}
{[%emt 00:00:34]} Re6 {[%clk 00:00:35]} {[%emt 00:00:27]} 43. Kf1 {[%clk
00:31:32]} {[%emt 00:00:28]} Re7 {[%clk 00:00:42]} {[%emt 00:00:23]} 44. Rb6
{[%clk 00:30:35]} {[%emt 00:01:28]} Be5 {[%clk 00:01:04]} {[%emt 00:00:08]} 45.
Rf8 {[%clk 00:30:33]} {[%emt 00:00:31]} Kg7 {[%clk 00:01:08]} {[%emt 00:00:27]}
46. Ra8 {[%clk 00:31:02]} {[%emt 00:00:01]} Bf6 {[%clk 00:00:55]} {[%emt
00:00:43]} 47. Raa6 {[%clk 00:30:46]} {[%emt 00:00:46]} Rf7 {[%clk 00:01:09]}
{[%emt 00:00:16]} 48. Bc4 {[%clk 00:27:48]} {[%emt 00:03:28]} Rf8 {[%clk
00:01:30]} {[%emt 00:00:09]} 49. Rb7+ {[%clk 00:27:50]} {[%emt 00:00:28]} Kh6
{[%clk 00:01:31]} {[%emt 00:00:29]} 50. Rbb6 {[%clk 00:26:57]} {[%emt
00:01:23]} Kg7 {[%clk 00:01:51]} {[%emt 00:00:10]} 51. Rb7+ {[%clk 00:27:26]}
{[%emt 00:00:01]} Kh6 {[%clk 00:02:17]} {[%emt 00:00:04]} 52. Rbb6 {[%clk
00:27:55]} {[%emt 00:00:01]} Rc5 {[%clk 00:02:10]} {[%emt 00:00:36]} 53. Bd3
{[%clk 00:27:47]} {[%emt 00:00:38]} Kg7 {[%clk 00:01:54]} {[%emt 00:00:46]} 54.
Be4 {[%clk 00:25:34]} {[%emt 00:02:43]} Rf7 {[%clk 00:02:01]} {[%emt 00:00:23]}
55. Rd6 {[%clk 00:24:17]} {[%emt 00:01:47]} Rc1+ {[%clk 00:01:58]} {[%emt
00:00:33]} 56. Kg2 {[%clk 00:22:10]} {[%emt 00:02:37]} Rc5 {[%clk 00:02:18]}
{[%emt 00:00:11]} 57. Kf1 {[%clk 00:22:30]} {[%emt 00:00:08]} Rf8 {[%clk
00:02:22]} {[%emt 00:00:28]} 58. Rd7+ {[%clk 00:22:44]} {[%emt 00:00:15]} Rf7
{[%clk 00:01:41]} {[%emt 00:01:11]} 1/2-1/2